banner-ar

SHAKESPEARE SURVEY: AN ANNUAL SURVEY OF SHAKESPEARIAN STUDY & PRODUCTION / (Record no. 10914)

MARC details
000 -الفاتح
حقل البيانات ثابتة الطول 00532nam a2200181Ia 4500
008 - عناصر البيانات ثابتة الطول - معلومات عامة
حقل البيانات ثابتة الطول 140319s9999 xx 000 0 eng d
040 ## - مصدر الفهرسة
وكالة الفهرسة الأصلية GCL /
وكالة النسخ GCL
082 04 - رقم تصنيف ديوى العشرى
رقم التصنيف 822.33
رقم المادة N S
100 1# - المدخل الرئيسى - إسم شخصى
الإسم الشخصى NICOLL, ALLARDYCE
245 10 - بيان العنوان
العنوان SHAKESPEARE SURVEY: AN ANNUAL SURVEY OF SHAKESPEARIAN STUDY & PRODUCTION /
بيان المسئوليه,etc NICOLL, ALLARDYCE
260 ## - PUBLICATION, DISTRIBUTION, ETC. (IMPRINT)
تاريخ النشر أو التوزيع 1980
300 ## - الوصف المادى
التعداد 38 P
650 04 - المدخل الاضافى بالموضوع-مصطلح موضوعى
مصطلح موضوعي ENGLISH POETRY
650 04 - المدخل الاضافى بالموضوع-مصطلح موضوعى
مصطلح موضوعي ENGLISH LITERATURE
650 04 - المدخل الاضافى بالموضوع-مصطلح موضوعى
مصطلح موضوعي SHAKESPEARE, WILLIAM
942 ## - عناصر المدخل الإضافي( كوها)
مصدر التصنيف او مخطط الترفيف Dewey Decimal Classification
Koha [default] item type كتاب
260 ## - PUBLICATION, DISTRIBUTION, ETC. (IMPRINT)
-- [S.N] :
-- S. CHAND & COMPANY HRD ،
Holdings
حالة التراجع حالة الفقد حالة تلف ليس للاعارة المكان المؤقت الموقع الحالى تاريخ الاكتساب اجمالي اﻻعارات رقم الطلب الباركود تاريخ اخر مشاهدة تاريخ تفعيل السعر نوع وعاء كوها
        مكتبة القاهرة الكبرى مكتبة القاهرة الكبرى 03/26/2014   822.33\N S 21849 03/26/2014 03/26/2014 كتاب

Powered By

EGPV